What Is It Now, Beetle Bailey? /

Shranjeno v:
Bibliografske podrobnosti
Glavni avtor: Walker, Mort (autor)
Format: Knjiga
Jezik:angleščina
Izdano: Nueva York, EUA : Charter, 1986, c1971
Oznake: Označite
Brez oznak, prvi označite!

MARC

LEADER 00000nam^a2200000^a^4500
001 000432190
005 20250526000000.0
009 20260310123008.31
020 |a 0-441-05261-4 
037 |a Acervo ITESO - Biblioteca 
041 |a ING 
091 |a FHM. 05907 
100 |a Walker, Mort  |e (autor) 
245 1 0 |a What Is It Now, Beetle Bailey? / 
264 4 |a Nueva York, EUA :  |b Charter,  |c 1986, c1971 
300 |a 1 v. (sin paginación) ;  |c 17.0 cm. 
336 |a texto  |b txt  |2 rdacontenido 
337 |a sin mediación  |b n  |2 rdamedio 
338 |a volumen  |b nc  |2 rdasoporte 
649 |a XX 
910 |a Fondo Hugo B. Margáin 
920 |a Impresos - Libros 
930 |a Libros Antiguos y Raros 
905 |a 126 
901 |a 0900112077  |b IT2  |c LRA  |i D113850  |u 20250526 
902 |a https://opac.biblio.iteso.mx/vufind/Record/000432190